Modelado de redes de distribución en OpenDss
Salvato in:
| Autore principale: | |
|---|---|
| Natura: | Libro |
| Lingua: | Spanish |
| Pubblicazione: |
[San José], Costa Rica
2015
|
| Soggetti: | |
| Tags: |
Aggiungi Tag
Nessun Tag, puoi essere il primo ad aggiungerne!!
|
MARC
| LEADER | 00000nam a22000007a 4500 | ||
|---|---|---|---|
| 003 | 012416 | ||
| 005 | 20221231144115.0 | ||
| 008 | 160714b2015 cr a|||| |||| 00| ||spa d | ||
| 040 | |c cru CEDI | ||
| 090 | |a TFG 7574 | ||
| 100 | |9 5226 |a Fallas Navarrete, Luis Daniel | ||
| 245 | |a Modelado de redes de distribución en OpenDss | ||
| 260 | |a [San José], Costa Rica |c 2015 | ||
| 300 | |a xii,132 hojas; ilustraciones | ||
| 500 | |a "IE-0499 Proyecto eléctrico”, Proyecto de graduación (bachillerato en ingeniería eléctrica)--Universidad de Costa Rica. Facultad de Ingeniería. Escuela de Ingeniería Eléctrica | ||
| 650 | |x LINEAS ELECTRICAS AEREAS |x LINEAS ELECTRICAS SUBTERRANEAS |x REDES ELECTRICAS |x TRANSFORMADORES ELECTRICOS |x MATLAB (PROGRAMAS PARA COMPUTADORA) |x DISTRIBUCION DE ENERGIA ELECTRICA |x SISTEMAS DE ENERGIA ELECTRICA |9 5227 | ||
| 942 | |c TFG | ||
| 999 | |c 16997 |d 16997 | ||
